Statistics for Countries by Containing Word

Click here to take the quiz!

General Stats

  • This quiz has been taken 331 times
  • The average score is 18 of 36

Answer Stats

Answer% Correct
Niger
99%
Nigeria
98%
Republic of the Congo
97%
Dominican Republic
93%
New Zealand
93%
Dominica
88%
Trinidad and Tobago
83%
Morocco
81%
Democratic Republic of the Congo
80%
Bahrain
78%
Norway
74%
Papua New Guinea
74%
Taiwan
56%
Comoros
48%
North Korea
48%
Yemen
47%
Ecuador
44%
Turkmenistan
43%
Bosnia and Herzegovina
40%
Andorra
38%
Sweden
38%
United States
38%
Zimbabwe
38%
Rwanda
36%
Central African Republic
35%
Ukraine
35%
United Arab Emirates
33%
Armenia
31%
El Salvador
26%
Saint Vincent and the Grenadines
25%
Botswana
24%
Guatemala
24%
Netherlands
17%
Austria
16%
Lebanon
10%
San Marino
9%

Score Distribution

Percentile by Number Answered

Percent of People with Each Score

Your Score History

You have not taken this quiz